| 000 | 00771nam a22002297a 4500 | ||
|---|---|---|---|
| 003 | DO-SdBNP | ||
| 005 | 20221114100038.0 | ||
| 007 | ta | ||
| 008 | 110301s2003 dr 000 0 spa d | ||
| 040 |
_aDO-SdBNP _bspa _cBNPHU |
||
| 082 | 4 |
_axxxx _bL732 |
|
| 100 |
_aLima Jiménez, Dinorah de _957509 |
||
| 245 | 1 | 0 |
_aEfectos de la no repitencia en 1ero.y 2do. grado / _cDinorah de Lima Jiménez |
| 260 |
_aSanto Domingo : _bUNESCO, _bSEE, _bFRACSO, _c2003. |
||
| 300 |
_a35 p. : _c28 cm. |
||
| 490 | 1 | _aCuadernos de Educación Básica para todos. | |
| 500 | _aIncluye datos biográficos de la autora en la pagina 4. | ||
| 590 | _aInventariado, 2022/ YL | ||
| 710 |
_aDirección General de Educación Básica (SEE). _982811 |
||
| 910 | _aYLockward | ||
| 942 |
_2ddc _cLF2 |
||
| 999 |
_c52901 _d52901 |
||